Marvel Studios Logo Quiz - Statistics

General Stats
  • This quiz has been taken 148 times
  • The average score is 4 of 12
Answer Stats
Picture Answer % Correct
Loki
63%
Deadpool & Wolverine
54%
WandaVision
51%
The Fantastic Four: First Steps
39%
Black Panther
35%
The Guardians of the Galaxy Holiday Special
33%
Ms. Marvel
28%
Thor: Ragnarok
26%
Avengers: Endgame
24%
Moon Knight
18%
Thunderbolts*
13%
The Marvels
9%
No matching quizzes found
Score Distribution
Percent of People with Each Score
Percentile by Number Answered
Your Score History
You have not taken this quiz